Guess The Football Club - Statistics

General Stats
  • This quiz has been taken 202 times
  • The average score is 14 of 20
Answer Stats
Picture Answer % Correct
Manchester United
100%
PSG
99%
Bayern Munich
83%
Chelsea
83%
Barcelona
82%
Arsenal
81%
Ajax
78%
Borussia Dortmund
75%
Inter Miami
75%
Porto
73%
Manchester City
72%
Aston Villa
68%
Liverpool
67%
Rangers
66%
Inter
64%
Celtic
62%
Copenhagen
53%
Boca Juniors
47%
Napoli
35%
Brest
33%
No matching quizzes found
Score Distribution
Percent of People with Each Score
Percentile by Number Answered
Your Score History
You have not taken this quiz